Αυτοί δεν είναι σαν εμάς : το παρελθόν και το μέλλον της μετανάστευσης

Αποθηκεύτηκε σε:
Λεπτομέρειες βιβλιογραφικής εγγραφής
Κύριος συγγραφέας: Goldin, Ian, 1955-
Άλλοι συγγραφείς: Cameron, Geoffrey, Balarajan, Meere, Αστερίου, Ελένη (Μεταφραστής)
Μορφή: Βιβλίο
Γλώσσα:Greek
English
Δημοσίευση: Ηράκλειο : Πανεπιστημιακές Εκδόσεις Κρήτης, 2013.
Σειρά:Προοπτικές (Πανεπιστημιακές Εκδόσεις Κρήτης)
Θέματα:
Ετικέτες: Προσθήκη ετικέτας
Δεν υπάρχουν, Καταχωρήστε ετικέτα πρώτοι!

MARC

LEADER 00000cam a2200000 i 4500
001 1/44845
008 140328s2013####gr g ||| |||| ||gre||
020 |a 9789605244002  
035 |l 10117198 
040 |a GR-MyUa  |b gre  |e AACR2 
041 1 |a gre  |h eng 
082 7 |a 304.8   |2 (23)  
100 1 |a Goldin, Ian,   |d 1955- 
245 1 0 |a Αυτοί δεν είναι σαν εμάς :   |b το παρελθόν και το μέλλον της μετανάστευσης /   |c Ίαν Γκόλντιν, Τζέφρυ Κάμερον, Μίρα Μπαλαρατζάν ; μετάφραση Ελένη Αστερίου.  
260 |a Ηράκλειο :   |b Πανεπιστημιακές Εκδόσεις Κρήτης,   |c 2013.  
300 |a 669 σ. :   |b διαγρ., χάρτες ;   |c 19 εκ.  
490 1 |a (Προοπτικές / Πανεπιστημιακές Εκδόσεις Κρήτης ;   |v 6) 
504 |a Περιέχει βιβλιογραφία (σ. [613]-643) και ευρετήριο.  
505 8 |a Από τους προϊστορικούς χρόνους ως τον Κολόμβο -- Μεταναστεύσεις σε ολόκληρο τον κόσμο : πρώτο βήμα για μια παγκόσμια οικονομία -- "Η ελεγχόμενη" μετανάστευση του 20ου αιώνα (1914-1973) -- Αφήνοντας την πατρίδα: η απόφαση για μετανάστευση και οι διαδικασίες -- Εισερχόμενη μετανάστευση και ο έλεγχος των συνόρων -- Οι επιπτώσεις της μετανάστευσης -- Το μέλλον της μετανάστευσης -- Η παγκόσμια μετανάστευση έρχεται στο προσκήνιο.  
650 0 |a Emigration and immigration. 
700 1 |a Cameron, Geoffrey. 
700 1 |a Balarajan, Meere. 
700 1 |a Αστερίου, Ελένη,  |e trl 
765 0 8 |i Μετάφραση του:   |t Exceptional people :  
830 0 |a Προοπτικές (Πανεπιστημιακές Εκδόσεις Κρήτης) 
852 |a INST  |b LESVOS  |e 20140328  |h 304.8 GOL  |p 005100053853  |q 005100053853  |t BK  |y 0 
852 |a INST  |b LESVOS  |e 20160202  |h 304.8 GOL  |p 005100057712  |q 005100057712  |t BK  |y 0 
852 |a INST  |b LESVOS  |c EUDOXUS  |e 20170201  |h 304.8 GOL  |p 005100058669  |q 005100058669  |t EDX  |y 0 
901 |a BIBL1-2014-1 
920 |a Εύδοξος  |b Παραγγελία  |y Λέσβος-ΤΓ  |z 2016-12 
970 |a ΤΖΑΦΕΡΗ  |b ΕΥΑΓΓΕΛΙΑ  |z 2014/03/28